00743nam a2200205Ia 4500003000900000008004100009040001600050080002200066100003000088245010700118260005000225300000900275490003400284650002600318650002400344650004900368942000700417999001500424952009800439IN-BaIIA211028s9999 xx 000 0 eng d cIIA Library a084.4:524.31bARG aArgelander, F. W. A91081 0aAtlas des nordlichen gestirnten himmels fur den anfang des jahres 1855(in German)cF. W. A. Argelander aBonn, BerlinbFerdinand Dummlers Verlagc1862 a40p. aBonner Starkaten Zweite Serie a Atlas-Stars 98497 a Stars Atlas98498 aAstronomy and Astrophysics Thesaurus 91143 cBK c4779d4779 00104070aBANbKODcGENd1975-10-24l0o084.4:524.31/ ARGp5345r2021-11-05w1975-10-24yBK